000 00291nam a2200097Ia 4500
008 240331s9999 xx 000 0 und d
082 _a301
_bGID
100 _aGiddens, A
245 0 _aPolitics, sociology and social theory :
_bencounters with classical and contemporary social thought
942 _cL
999 _c1010
_d1010